| 000 | 00887nam a2200289Ia 4500 | ||
|---|---|---|---|
| 001 | Z_4676 | ||
| 003 | CHAP | ||
| 008 | 220113s2=00 xx 000 0 und d | ||
| 010 | _a167751 | ||
| 040 | _cCHAP | ||
| 090 | _aTesis V 1669 | ||
| 100 |
_aVázquez Hernández, Javier Alberto _9120390 |
||
| 245 |
_aEvaluación de la operación del programa "ganado mejor" en el estado de Hidalgo en el año 2000 / _cpor Javier Alberto Vázquez Hernández |
||
| 260 |
_aChapingo, Méx. : _bEl autor, _c2002 |
||
| 300 | _a56 h. | ||
| 502 | _aTesis (Ing. Agr. Esp. en Zootecnia) -- UACH. Departamento de Zootecnia | ||
| 650 |
_aEvaluación _938913 |
||
| 650 |
_aGanadería _xHidalgo _944744 |
||
| 650 |
_aGanado _xMejoramiento _944926 |
||
| 650 |
_aGanado _xProducción _944945 |
||
| 901 | _aTESIS V 1669 | ||
| 902 | _aM | ||
| 910 | _a2=00 | ||
| 942 | _c2 | ||
| 942 | _c2 | ||
| 999 |
_c167751 _d167751 |
||